|
|
|
|
| LEADER |
00000nam0a2200000 4500 |
| 001 |
340124 |
| 005 |
20231102005215.0 |
| 010 |
|
|
|b 5000 экз.
|
| 035 |
|
|
|a (RuTPU)RU\TPU\book\366708
|
| 090 |
|
|
|a 340124
|
| 100 |
|
|
|a 20180216d1924 m y0rusy50 ca
|
| 101 |
0 |
|
|a rus
|
| 102 |
|
|
|a RU
|
| 105 |
|
|
|a a z 000zy
|
| 200 |
1 |
|
|a Основной закон (Конституция) Союза Советских Социалистических Республик
|e официально
|f СССР, Центральный Исполнительный Комитет
|
| 210 |
|
|
|a Москва
|a Кремль
|c Изд-во "Красная новь"
|c Типография "Красный Пролетарий"
|d 1924
|
| 215 |
|
|
|a 20 с.
|c цв. ил.
|
| 300 |
|
|
|a На шмуцтитуле цв. символы - Герб и Государственный Флаг СССР
|
| 606 |
|
|
|a Конституция СССР
|2 stltpush
|3 (RuTPU)RU\TPU\subj\15395
|9 41638
|
| 610 |
1 |
|
|a конституция
|
| 610 |
1 |
|
|a закон
|
| 610 |
1 |
|
|a СССР
|
| 686 |
|
|
|a Х620.1
|v LBC/SL-A
|2 rubbk
|
| 712 |
0 |
2 |
|a СССР
|b Центральный Исполнительный Комитет
|
| 801 |
|
1 |
|a RU
|b 63413507
|c 20180216
|
| 801 |
|
2 |
|a RU
|b 63413507
|c 20180709
|g RCR
|
| 942 |
|
|
|c BK
|